Search the Library Catalogue
| 000 -LEADER | |
|---|---|
| fixed length control field | 00625nam a2200217Ia 4500 |
| 008 - FIXED-LENGTH DATA ELEMENTS--GENERAL INFORMATION | |
| fixed length control field | 191130s2007##################000#0#eng## |
| 020 ## - INTERNATIONAL STANDARD BOOK NUMBER | |
| ISBN | 9780199212354 |
| 082 ## - DEWEY DECIMAL CLASSIFICATION NUMBER | |
| Classification number | 346.4150434 BRE |
| 245 ## - TITLE STATEMENT | |
| Title | Landlord and tenant law |
| Statement of responsibility, etc | general editor, Gabriel Brennan |
| 250 ## - EDITION STATEMENT | |
| Edition statement | 4th ed |
| 260 ## - PUBLICATION, DISTRIBUTION, ETC. (IMPRINT) | |
| Place of publication | Oxford |
| Name of publisher | Oxford University Press |
| Year of publication | c2007 |
| 300 ## - PHYSICAL DESCRIPTION | |
| Number of Pages | xxxv, 372 p. : forms ; 30 cm |
| 500 ## - GENERAL NOTE | |
| General note | Includes index |
| 650 ## - SUBJECT ADDED ENTRY--TOPICAL TERM | |
| Topical Term | Landlord and tenant - Ireland |
| 700 ## - ADDED ENTRY--PERSONAL NAME | |
| Personal name | Brennan, Gabriel |
| 991 ## - | |
| -- | 349806 |
| Withdrawn status | Lost status | Damaged status | Not for loan | Home library | Current library | Shelving location | Date acquired | Full call number | Accession Number | Price effective from | Koha item type |
|---|---|---|---|---|---|---|---|---|---|---|---|
| Anna Centenary Library | Anna Centenary Library | 4TH FLOOR, A WING | 13.10.2020 | 346.4150434 BRE | 152555 | 13.10.2020 | English Books |